Introduction to UAV Systems (Record no. 322465)

000 -LEADER
fixed length control field 00410 a2200157 4500
001 - CONTROL NUMBER
control field 87392
022 ## - INTERNATIONAL STANDARD SERIAL NUMBER
International Standard Serial Number 978-1-119-97866-4
082 ## - DEWEY DECIMAL CLASSIFICATION NUMBER
Classification number 623.7469 FAH
090 ## - LOCALLY ASSIGNED LC-TYPE CALL NUMBER (OCLC); LOCAL CALL NUMBER (RLIN)
-- 41023
-- 41023
100 ## - MAIN ENTRY--PERSONAL NAME
Personal name Fahlstrom Paul Gerin; Thomas James Gleason
245 ## - TITLE STATEMENT
Title Introduction to UAV Systems
Medium English
250 ## - EDITION STATEMENT
Edition statement 4th
260 ## - PUBLICATION, DISTRIBUTION, ETC.
Place of publication, distribution, etc. UK
Name of publisher, distributor, etc. John Willey & Sons
Date of publication, distribution, etc. 2012
300 ## - PHYSICAL DESCRIPTION
Extent xxvii, 280p.
500 ## - GENERAL NOTE
General note Avionics
942 ## - ADDED ENTRY ELEMENTS (KOHA)
Institution code [OBSOLETE] CAE NUST
Koha item type
Call number prefix 623.7469/FAH
Holdings
Withdrawn status Lost status Damaged status Not for loan Collection code Permanent Location Current Location Date acquired Total Checkouts Full call number Barcode Date last seen Price effective from Koha item type
          College of Aeronautical Engineering (CAE) College of Aeronautical Engineering (CAE) 04/03/2017   623.7469/FAH CAE85918 04/05/2017 04/05/2017 Book
          College of Aeronautical Engineering (CAE) College of Aeronautical Engineering (CAE) 04/03/2017   623.7469/FAH CAE85922 04/05/2017 04/05/2017 Book
          College of Aeronautical Engineering (CAE) College of Aeronautical Engineering (CAE) 04/03/2017   623.7469/FAH CAE85921 04/05/2017 04/05/2017 Book
          College of Aeronautical Engineering (CAE) College of Aeronautical Engineering (CAE) 04/03/2017   623.7469/FAH CAE85920 04/05/2017 04/05/2017 Book
          College of Aeronautical Engineering (CAE) College of Aeronautical Engineering (CAE) 04/03/2017   623.7469/FAH CAE85919 04/05/2017 04/05/2017 Book
© 2023 Central Library, National University of Sciences and Technology. All Rights Reserved.